000 00747nam a2200217Ia 4500
003 OSt
005 20251128114933.0
008 210719s2005 xx 000 0 und d
040 _cAL
041 _aKannada
082 _aK894.9 NARN
100 _aNARKALA RAGHUNATHA SHETTY
_dನರ್ಕಳ ರಘುನಾಥ ಶೆಟ್ಟಿ
_9247100
245 _aNarkala marappa shetty: Baduku baraha
_bನರ್ಕಳ ಮಾರಪ್ಪ ಶೆಟ್ಟಿ: ಬದುಕು ಬರಹ
260 _aBengaluru
_bBhagyalakshmi Prakashana
_c2005
300 _a353
_bPB
365 _b175
_cRs
650 _aKannada Criticism
_9247101
650 _aKannada Criticism
_9247101
906 _aBaduku ; baraha ; marappa ; Narkala ; shetty
942 _2ddc
_cBK
999 _c214942
_d214942